Daňové zatížení automobilismu v první polovině 20. století

Prvé úvahy o zdanení motorových vozidiel v Čechách. Daň z motorových vozidiel a rozvoj automobilového priemyslu. Prehľad štruktúry automobilov podľa obsahu motora a výnos dane z motorových vozidiel. Rast daňového zaťaženia v prvej polovici 30. rokov. Daňové úľavy a prechod na nepriame zdanenie. Návr...

ver descrição completa

Na minha lista:
Detalhes bibliográficos
Autor principal: Štemberk, Jan
Formato: Capítulo de Livro
Idioma:tcheco
Assuntos:
Tags: Adicionar Tag
Sem tags, seja o primeiro a adicionar uma tag!

MARC

LEADER 00000naa$a2200000$$$4500
001 0052469
005 20231107105847.6
041 0 |a cze 
044 |a CZ 
245 1 0 |a Daňové zatížení automobilismu v první polovině 20. století 
520 |a Prvé úvahy o zdanení motorových vozidiel v Čechách. Daň z motorových vozidiel a rozvoj automobilového priemyslu. Prehľad štruktúry automobilov podľa obsahu motora a výnos dane z motorových vozidiel. Rast daňového zaťaženia v prvej polovici 30. rokov. Daňové úľavy a prechod na nepriame zdanenie. Návrat k priamemu zdaneniu automobilizmu. 
610 2 0 |a priemysel automobilový 
610 2 0 |a zaťaženie daňové 
610 2 0 |a úľavy daňové 
610 2 0 |a Česko 
610 2 0 |a história 
610 2 0 |a dane nepriame 
610 2 0 |a dane priame 
610 2 0 |a dane z vozidiel motorových 
100 1 |a Štemberk, Jan